Maigret a zámecký pán

Bibliographic Details
Main Author: Simenon, Georges, 1903-1989 (Author)
Other Authors: Janů, Marie, 1921-2014 (Translator)
Format: Book
Language:Czech
French
PhysicalDescription:139 s. 21 cm
Published: Praha Ametyst 1993
ISBN:8090108393
Edition:1. vyd.

MARC

LEADER 00000nam a2200000 a 4500
001 vtls001152292
003 SK-MaSNL
005 20260301194349.0
008 251031s1993 xr 0 cze
020 |a 8090108393 
035 |a SNK000095174 
040 |a SNK  |b slo  |c SNK  |e AACR2 
041 1 |a cze  |h fre 
044 |a xr  |c CZ 
080 |a 840-31=850  |2 1981 
080 |a 82-312.4  |2 1981 
100 1 |a Simenon, Georges,  |d 1903-1989  |4 aut  |9 120318 
240 1 0 |a M. Gallet, décédé  |l Česky 
245 1 0 |a Maigret a zámecký pán  |c Georges Simenon ; Přel. Marie Janů 
250 |a 1. vyd. 
260 |a Praha  |b Ametyst  |c 1993 
300 |a 139 s.  |c 21 cm 
700 1 |a Janů, Marie,  |d 1921-2014  |4 trl  |9 212779 
852 |a Slovenská národná knižnica 
919 |a 80-901083-9-3 
954 |a romány detektívne francúzske 
968 |d Z franc. orig. 
999 |c 881564  |d 883494 
952 |t P60, <04>, [BOOK], {604}  |a SNK  |b SNK  |y VYP  |7 0  |p 17A0346572  |o snkIC 123544  |0 0  |1 0  |4 0  |d 2002-06-28  |l 0  |r 2005-01-01 00:00:00  |w 2026-02-24